000 00571cam a2200205 a 4500
001 3055830
005 20260311173230.0
008 961107s1998 txua 001 0 eng d
020 _a0030982383
020 _a9780030982385
050 0 4 _aHB171.5
_b.M264 1998
082 0 0 _a330
_221
100 1 _aMankiw, N. Gregory.
245 1 0 _aPrinciples of economics /
_cN. Gregory Mankiw.
260 _aFort Worth, TX :
_bDryden Press,
_cc1998.
300 _axxxv, 797 p. :
_bill. (some col.) ;
_c26 cm.
500 _aIncludes index.
650 0 _aEconomics.
942 _2lcc
_cBK
_n0
999 _c8947
_d8947